Fúzia nie je prehra
S príchodom zahraničných investorov na Slovensko automaticky vzrástol význam logistiky v celom jej zábere. Stúpli aj nároky na kvalitu logistických služieb. Nutnosť konkurencie sa stala tvrdou realitou. Príchod takej významnej konkurencie akou sú nadnárodné spoločnosti, nemusí znamenať zánik pre mal...
Gespeichert in:
| 1. Verfasser: | |
|---|---|
| Format: | Buchkapitel |
| Sprache: | Slowakisch |
| Schlagworte: | |
| Tags: |
Keine Tags, Fügen Sie das erste Tag hinzu!
|
MARC
| LEADER | 00000naa$a2200000$$$4500 | ||
|---|---|---|---|
| 001 | 0057499 | ||
| 005 | 20231128092502.5 | ||
| 041 | 0 | |a slo | |
| 044 | |a SK | ||
| 245 | 1 | 0 | |a Fúzia nie je prehra |c Pavol Prikryl |
| 520 | |a S príchodom zahraničných investorov na Slovensko automaticky vzrástol význam logistiky v celom jej zábere. Stúpli aj nároky na kvalitu logistických služieb. Nutnosť konkurencie sa stala tvrdou realitou. Príchod takej významnej konkurencie akou sú nadnárodné spoločnosti, nemusí znamenať zánik pre malé domáce firmy, ktorých výhodou je poznanie podmienok slovenského trhu, operatívnosť, flexibilita, ochota učiť sa novým veciam. Výhoda fúzií a akvizície. Férová konkurencia. | ||
| 610 | 2 | 0 | |a Slovensko |
| 610 | 2 | 0 | |a investori |
| 610 | 2 | 0 | |a logistika podniková |
| 610 | 2 | 0 | |a služby logistické |
| 610 | 2 | 0 | |a fúzie |
| 610 | 2 | 0 | |a akvizícia |
| 610 | 2 | 0 | |a konkurencia |
| 100 | 1 | |a Prikryl, Pavol | |